Statistiques concernant Stations de métro -Paris

Cliquez ici pour prendre le quiz!

Statistiques générales

  • Ce quiz a été pris 1 273 fois
  • Le résultat moyen est 200 sur 382

Réponses sur la Carte

Les réponses sont colorées sur une échelle allant du rouge au vert en fonction du pourcentage des utilisateurs qui les ont devinées à leur premier essai. Vous pouvez retrouver ces pourcentages ci-dessous.
Chargement ...
 

Statistiques - réponses

HintRéponse% Correct
7Châtelet (Pont au Change)
89%
1 | 4 | 11 | 14Châtelet
89%
4 | 5Gare du Nord
87%
1 | 2 | 6Charles de Gaulle - Étoile
86%
4 | 6 | 12 | 13Montparnasse - Bienvenüe
85%
1 | 13Champs-Élysées - Clémenceau (Grand Palais)
84%
1 | 14Gare de Lyon
84%
9Nation (Place des Antilles)
83%
7Gare de l'Est (Verdun)
83%
1 | 2 | 6Nation
83%
3 | 5 | 8 | +2 othersRépublique
81%
1La Défense (Grande Arche)
81%
1 | 8 | 12Concorde
79%
1 | 5Bastille
79%
3 | 12 | 13 | 14Saint-Lazare
77%
8Bastille
77%
3 | 7 | 8Opéra
76%
4Les Halles
75%
4Cité
74%
5 | 10Gare d'Austerlitz
74%
4Porte de Clignancourt
73%
6 | 14Bercy
73%
1Franklin D. Roosevelt
72%
1Château de Vincennes
72%
1Louvre - Rivoli
72%
2 | 12Pigalle
71%
5 | 6 | 7Place d'Italie
71%
6 | 9Trocadéro
71%
1 | 7Palais Royal - Musée du Louvre
71%
9Franklin D. Roosevelt
70%
2 | 4Barbès - Rochechouart
69%
8 | 12 | 14Madeleine
68%
6Bir-Hakeim (Tour Eiffel)
68%
1Saint-Paul (Le Marais)
68%
4Saint-Michel
68%
1 | 11Hôtel de Ville
68%
1Tuileries
68%
8 | 13Invalides
67%
4 | 10Odéon
67%
8Balard
66%
4Porte d'Orléans (Général Leclerc)
66%
1Porte de Vincennes
66%
2 | 5 | 7Stalingrad
65%
7 | 14Pyramides
65%
1Argentine
65%
1Porte Maillot (Palais des Congrès)
65%
6Denfert - Rochereau
65%
4Denfert - Rochereau (Colonel Rol-Tanguy)
65%
1George V
64%
1Les Sablons (Jardin d'Acclimatation)
64%
4 | 8 | 9Strasbourg - Saint-Denis
63%
2 | 5 | 7bisJaurès
63%
5 | 9Oberkampf
62%
11 | 3bisPorte des Lilas
62%
4Château Rouge
62%
2 | 13Place de Clichy
61%
7Porte d'Italie
61%
14Bibliothèque François-Mitterrand
61%
2Anvers (Sacré-Coeur)
61%
2 | 11Belleville
61%
4Saint-Germain-des-Prés
61%
4Saint-Sulpice
61%
1 | 8Reuilly - Diderot
60%
3 | 4Réaumur - Sébastopol
60%
3 | 11Arts et Métiers
60%
8 | 9Grands Boulevards
60%
4Alésia
60%
5Porte de Pantin (Parc de la Villette)
60%
4Château d'Eau
59%
3Père Lachaise
59%
1Pont de Neuilly
58%
13Châtillon - Montrouge
58%
14Olympiades
58%
2Porte Dauphine (Maréchal de Lattre de Tassigny)
58%
2Père Lachaise
58%
1Esplanade de la Défense
57%
3Porte de Bagnolet
57%
8 | 9Bonne-Nouvelle
57%
12Abbesses (Butte Montmartre)
57%
4Saint-Placide
56%
4Étienne Marcel
56%
4Vavin
55%
9Mairie de Montreuil
55%
2 | 3Villiers
55%
9 | 13Miromesnil
55%
1Saint-Mandé
55%
7 | 9Chaussée d'Antin - La Fayette
55%
4 | 12Marcadet - Poissonniers
55%
10 | 13Duroc
55%
5Quai de la Rapée
54%
6Passy
54%
9Pont de Sèvres
54%
2Blanche
53%
6 | 8Daumesnil (Félix Éboué)
53%
3 | 3bisGambetta
53%
11Mairie des Lilas
53%
9Iéna
53%
7 | 10Jussieu
53%
4 | 6Raspail
52%
6 | 8 | 10La Motte-Picquet - Grenelle
52%
3Gallieni (Parc de Bagnolet)
52%
2La Chapelle
52%
3 | 9Havre - Caumartin
52%
1Bérault
52%
12Porte de la Chapelle
52%
9Porte de Montreuil
52%
8 | 9Richelieu - Drouot
52%
3Bourse
52%
13Porte de Clichy
51%
2Ménilmontant
51%
6Glacière
51%
9Alma - Marceau
51%
6Kléber
51%
10 | 12Sèvres - Babylone
51%
8Filles du Calvaire
51%
5Campo-Formio
51%
8École Militaire
50%
2Alexandre Dumas
50%
2Colonel Fabien
50%
14Cour Saint-Émilion
50%
9 | 10Michel-Ange - Molitor
50%
2Rome
50%
3Pont de Levallois - Bécon
50%
8Porte Dorée
49%
6Quai de la Gare
49%
2Monceau
49%
5Jacques Bonsergent
49%
2Avron
49%
6 | 12Pasteur
49%
13La Fourche
49%
8Créteil - Université
49%
7Place Monge (Jardin des Plantes - Arènes de Lutèce)
48%
5Bobigny - Pablo Picasso (Préfécture - Hôtel du Département)
48%
12Porte de Versailles (Parc des Expositions de Paris)
48%
5Ourcq
48%
2Ternes
48%
11Rambuteau (Centre Georges Pompidou)
48%
3Temple
48%
3Parmentier
48%
9Voltaire (Léon Blum)
48%
9 | 10Michel-Ange - Auteuil
48%
4Simplon
48%
5Laumière
48%
7Poissonnière
48%
5Saint-Marcel
48%
5Richard-Lenoir
48%
6Corvisart
48%
6Picpus (Courteline)
48%
7Crimée
47%
4Mairie de Montrouge
47%
11 | 7bisPlace des Fêtes
47%
11Télégraphe
47%
8Commerce
47%
12Solférino (Musée d'Orsay)
47%
10Cluny - La Sorbonne
47%
3Quatre-Septembre
47%
8Porte de Charenton
47%
8Créteil - Préfecture (Hôtel de Ville)
47%
12Assemblée Nationale
47%
7Pont Marie (Cité des Arts)
46%
3Sentier
46%
7Pont Neuf (La Monnaie)
46%
7Cadet
46%
9Saint-Augustin
46%
2Victor Hugo
46%
3Europe
45%
6Edgar Quinet
45%
6Nationale
45%
2Courcelles
45%
6Chevaleret
45%
3Rue Saint-Maur
45%
7Porte d'Ivry
45%
12Notre-Dame-de-Lorette
45%
12Mairie d'Issy
45%
7La Courneuve - 8 Mai 1945
45%
3Louise Michel
45%
7Maison Blanche
45%
12Rue du Bac
44%
13Porte de Saint-Ouen
44%
13Liège
44%
4Mouton - Duvernet
44%
5Bréguet - Sabin
44%
5Église de Pantin
44%
10Porte d'Auteuil
43%
9Ranelagh
43%
13Porte de Vanves
43%
6Bel-Air
43%
9Porte de Saint-Cloud (Parc des Princes)
43%
9Charonne
43%
8École Vétérinaire de Maisons-Alfort
43%
3Porte de Champerret
43%
7bisButtes Chaumont
43%
8La Tour-Maubourg
43%
11Pyrénées
43%
3Malesherbes
43%
13Saint-François-Xavier
42%
12Rennes
42%
11Goncourt (Hôpital Saint-Louis)
42%
13Mairie de Saint-Ouen
42%
7 | 7bisLouis Blanc
42%
8Créteil - L'échat (Hôpital Henri Mondor)
42%
3Wagram
42%
2Couronnes
42%
2Philippe Auguste
42%
7Porte de Choisy
42%
7Tolbiac
42%
9La Muette
41%
9Jasmin
41%
13Mairie de Clichy
41%
9Saint-Philippe du Roule
41%
13Gaîté
41%
5Hoche
41%
9Marcel Sembat
41%
12Notre-Dame-des-Champs
41%
12Convention
41%
8Pointe du Lac
41%
7Mairie d'Ivry
41%
6Dugommier
41%
6Saint-Jacques
41%
6Boissière
41%
3Anatole France
41%
10Javel - André Citroën
41%
9Rue des Boulets
41%
9Saint-Ambroise
40%
7Les Gobelins
40%
7bisBotzaris
40%
7Corentin Cariou
40%
6Sèvres - Lecourbe
40%
12Front Populaire (Aubervilliers - Saint-Denis)
39%
8Boucicaut
39%
8Chemin Vert
39%
7Sully - Morland
39%
12Corentin Celton
39%
7Château-Landon
39%
13Saint-Denis - Université
39%
9Rue de la Pompe (Avenue Georges Mandel)
39%
7Riquet
39%
8Liberté
38%
12Trinité - d'Estienne d'Orves
38%
7Le Kremlin-Bicêtre
38%
8Saint-Sébastien - Froissart
38%
12Vaugirard (Adolphe Chérioux)
38%
13Varenne
38%
6Cambronne
37%
13Pernety
37%
6Dupleix
37%
13Guy Môquet
37%
13Saint-Denis - Porte de Paris (Stade de France)
37%
9Billancourt
37%
7Villejuif - Louis Aragon
37%
4 | 5Gare de l'Est (Verdun)
37%
8Lourmel
36%
8Charenton - Écoles (Place Aristide Briand)
36%
12Jules Joffrin
36%
3bisPelleport
36%
8Montgallet
36%
12Saint-Georges
35%
13Brochant
35%
9Exelmans
35%
12Volontaires
35%
7Le Peletier
35%
7Fort d'Aubervilliers
35%
7bisBolivar
35%
3bisSaint-Fargeau
35%
10Vaneau
35%
9Buzenval
35%
9Robespierre
35%
10Église d'Auteuil
35%
8Faidherbe - Chaligny
35%
8Félix Faure
34%
3Pereire (Maréchal Juin)
34%
12Falguière
34%
9Croix de Chavaux (Place Jacques Duclos)
34%
8Ledru-Rollin
34%
7Pierre et Marie Curie
33%
7bisDanube
33%
12Lamarck - Caulaincourt
33%
7Censier - Daubenton
33%
10Cardinal Lemoine
33%
10Maubert - Mutualité
33%
10Mabillon
32%
5Bobigny - Pantin - Raymond Queneau
32%
7Aubervilliers - Pantin - Quatre Chemins
32%
11Jourdain
32%
10Avenue Émile-Zola
32%
10Charles Michels
31%
13Gabriel Péri
31%
9Maraîchers
31%
12Marx Dormoy
31%
7bisPré Saint-Gervais
30%
13Garibaldi
30%
8Maisons-Alfort - Les Juilliottes
29%
13Plaisance
29%
10Boulogne - Pont de Saint-Cloud (Rhin et Danube)
29%
8Michel Bizot
29%
13Carrefour Pleyel
29%
7Villejuif - Paul Vaillant-Couturier (Hôpital Paul Brousse)
29%
13Malakoff - Plateau de Vanves
28%
10Ségur
28%
13Les Courtilles
27%
7Villejuif - Léo Lagrange
27%
10Mirabeau
27%
10Boulogne - Jean Jaurès
26%
13Les Agnettes
26%
10Chardon-Lagache
24%
13Basilique de Saint-Denis (Hôtel de Ville)
24%
13Malakoff - Rue Étienne-Dolet
22%
7Porte de la Villette (Cité des Sciences et de l'Industrie)
21%

Distribution des résultats

Percentile par nombre de réponses

% des personnes avec chaque résultat

Votre développement - résultats

Vous n’avez pas pris ce quiz